000 00410nam a2200145Ia 4500
008 220204s9999 xx 000 0 und d
082 _aNR:339.138(595)
_bLIM;1
100 _aLim Sow Ching
245 0 _aMarketing of rubber by smallholders in Peninsular Malaysia
260 _aKuala Lumpur
_bMRRDB
_c1976
490 _aMRRDB Monographs 2
650 _aRubber marketing
650 _aSmallholders
942 _cBK
999 _c43635
_d43635